[Event "SA-2017-0-00588"]
[Site "LSS email"]
[Date "2017.07.23"]
[Round "?"]
[White "Chumanov, Valeriy"]
[Black "Posada, Charlie"]
[Result "1-0"]
[WhiteElo "2361"]
[BlackElo "2066"]
[PlyCount "43"]
[EventDate "2017.06.26"]
[EventType "tourn (corr)"]
[EventRounds "6"]
[EventCountry "GER"]
[SourceTitle "Corr 2022"]
[Source "ChessBase"]
[SourceDate "2021.10.24"]
[SourceVersion "1"]
[SourceVersionDate "2021.10.24"]
[SourceQuality "1"]

1. e4 Nc6 2. d4 d5 3. e5 Bf5 4. c3 e6 5. Nd2 f6 6. f4 Nh6 7. Ndf3 Qd7 8. Bd3 0-0-0 9. Ne2 Kb8 10. 0-0 Bxd3 11. Qxd3 Nf5 12. a4 h5 13. b4 h4 14. Bd2 h3 15. g3 Nce7 16. b5 Ng8 17. g4 Nfh6 18. g5 Nf5 19. a5 Rc8 20. Ng3 Nh4 21. a6 b6 22. exf6 1-0

[Event "SA-2017-0-00588"]
[Site "LSS email"]
[Date "2017.07.23"]
[Round "?"]
[White "Posada, Charlie"]
[Black "Corti, Horacio"]
[Result "1/2-1/2"]
[WhiteElo "2066"]
[BlackElo "2333"]
[PlyCount "61"]
[EventDate "2017.06.26"]
[EventType "tourn (corr)"]
[EventRounds "6"]
[EventCountry "GER"]
[SourceTitle "Corr 2022"]
[Source "ChessBase"]
[SourceDate "2021.10.24"]
[SourceVersion "1"]
[SourceVersionDate "2021.10.24"]
[SourceQuality "1"]

1. e4 e5 2. Nf3 Nc6 3. Bc4 Bc5 4. c3 Nf6 5. d4 exd4 6. e5 d5 7. Bb5 Ne4 8. cxd4 Bb6 9. Nc3 0-0 10. 0-0 Bg4 11. Bxc6 bxc6 12. h3 Bxf3 13. Qxf3 Bxd4 14. Nxe4 dxe4 15. Qxe4 Qd5 16. Qxd5 cxd5 17. Rd1 c5 18. Be3 Bxb2 19. Rab1 d4 20. Rxb2 dxe3 21. fxe3 Rfe8 22. Rd7 Rxe5 23. Rbb7 Rf8 24. Rxa7 Rxe3 25. Rdc7 Rc3 26. a4 Rc2 27. a5 g6 28. Kh2 Ra2 29. Rxc5 Rd8 30. Rcc7 Rdd2 31. Rxf7 1/2-1/2

[Event "SA-2017-0-00588"]
[Site "LSS email"]
[Date "2017.07.22"]
[Round "?"]
[White "Posada, Charlie"]
[Black "Susla, Vitaliy"]
[Result "1/2-1/2"]
[WhiteElo "2066"]
[BlackElo "2394"]
[PlyCount "50"]
[EventDate "2017.06.26"]
[EventType "tourn (corr)"]
[EventRounds "6"]
[EventCountry "GER"]
[SourceTitle "Corr 2022"]
[Source "ChessBase"]
[SourceDate "2021.10.24"]
[SourceVersion "1"]
[SourceVersionDate "2021.10.24"]
[SourceQuality "1"]

1. e4 c5 2. Nf3 d6 3. d4 cxd4 4. Nxd4 Nf6 5. Nc3 a6 6. Be2 e5 7. Nb3 Be7 8. Be3 Be6 9. 0-0 Nbd7 10. a4 0-0 11. a5 Rc8 12. Bf3 Rc6 13. Nd2 Qc7 14. Qe2 Rc8 15. Rfd1 Qd8 16. Nf1 g6 17. Qe1 R6c7 18. h3 h5 19. Nd2 Qf8 20. Rab1 Qg7 21. Bg5 Bf8 22. Nf1 Rc6 23. Qd2 Nh7 24. Be3 Nhf6 25. Bg5 Nh7 1/2-1/2

[Event "SA-2017-0-00581"]
[Site "LSS email"]
[Date "2017.06.21"]
[Round "?"]
[White "Pupo Perez, Hector"]
[Black "Posada, Charlie"]
[Result "1/2-1/2"]
[WhiteElo "2327"]
[BlackElo "2067"]
[PlyCount "35"]
[EventDate "2017.05.23"]
[EventType "tourn (corr)"]
[EventRounds "6"]
[EventCountry "GER"]
[SourceTitle "Corr 2022"]
[Source "ChessBase"]
[SourceDate "2021.10.24"]
[SourceVersion "1"]
[SourceVersionDate "2021.10.24"]
[SourceQuality "1"]

1. Nf3 Nf6 2. g3 b6 3. d3 e6 4. Bg2 d5 5. 0-0 Bb7 6. c4 dxc4 7. dxc4 Bd6 8. Nc3 0-0 9. b3 Qe7 10. Bb2 Rd8 11. Qc2 c5 12. e3 Nc6 13. Qe2 Ne8 14. Rfd1 Rd7 15. Nb5 Rad8 16. Ne1 a6 17. Bc3 axb5 18. cxb5 1/2-1/2